| 000 | 01487nam a2200385 c 4500 | ||
|---|---|---|---|
| 003 | BLK | ||
| 005 | 20250110142449.0 | ||
| 008 | 180409b bul|||||r ||||||| ||bul|| | ||
| 010 | _aKNG00123552000 | ||
| 020 |
_a978-954-527-463-3 _bиздат.: Дамян Яков |
||
| 040 | _aBLK | ||
| 041 |
_aBUL _cBUL |
||
| 072 | 7 |
_2bullib _aН85 _xДетска художествена литература Н |
|
| 080 |
_aФинландска литература _b821.511.111 _x-93-31 _z821.511.111-93-31 |
||
| 100 | 1 |
_aЯнсон, Туве _eпърви автор _9365645 |
|
| 700 | 1 |
_aЯнсон, Туве _eил. _9365645 |
|
| 700 | 1 |
_aПетрунова, Анелия Георгиева, 1977- _9110375 |
|
| 139 |
_aЯнсон, Туве _bЯ 67 |
||
| 245 | 1 | 0 |
_aКометата идва _cТуве Янсон; ил. Туве Янсон; прев. Анелия Георгиева Петрунова. |
| 257 | _aFIN | ||
| 260 |
_аСофия _bДамян Яков _c2009 _fСофия : Вулкан |
||
| 300 |
_a152 с. _bс ил. _c22 см |
||
| 380 | _aDX | ||
| 500 | _aОриг. загл. : Kometen kommer / Tove Jansson. | ||
| 653 | _aромани | ||
| 653 | _aлитература за деца | ||
| 653 | _aдетска литература | ||
| 659 | _aН | ||
| 852 | _aЦб 251920 | ||
| 856 | 4 |
_qpdf _u |
|
| 856 | 4 |
_qpdf _u |
|
| 942 |
_cKNG _n0 _07 |
||
| 944 |
_aCR _c14.06.2011 _lИва Цветкова _k30543 |
||
| 944 |
_aED _c30.05.2012 _lф / _k |
||
| 999 |
_c117951 _d117951 |
||